El caso vicentin: análisis el proceso de salvataje y el uso de la tecnología (Registro nro. 21680)
[ vista simple ]
| 000 -LEADER | |
|---|---|
| fixed length control field | 00403 a2200121 4500 |
| 001 - CONTROL NUMBER | |
| control field | ART_63578 |
| 005 - DATE AND TIME OF LATEST TRANSACTION | |
| control field | 20260410161813.0 |
| 008 - FIXED-LENGTH DATA ELEMENTS--GENERAL INFORMATION | |
| fixed length control field | 260409a |
| 100 1# - MAIN ENTRY--PERSONAL NAME | |
| Personal name | Dasso, Ariel A. |
| 245 10 - TITLE STATEMENT | |
| Title | El caso vicentin: análisis el proceso de salvataje y el uso de la tecnología |
| 700 1# - ADDED ENTRY--PERSONAL NAME | |
| Personal name | Dasso, Ariel G. |
| 773 0# - HOST ITEM ENTRY | |
| Title | Doctrina Societaria y Concursal |
| Related parts | - Nº 445 (oct./nov. 2025) |
| Record control number | REV4298 |
No hay ítems disponibles.